Diktáty a pravopisné cvičenia pre 6.-9. ročník ZDŠ

Bibliographic Details
Main Authors: Patáková, Marta, 1934-2019 (Author), Rýzková, Anna, 1936-2015 (Author)
Format: Book
Language:Slovak
PhysicalDescription:209 strán 21 cm
Published: Bratislava Slovenské pedagogické nakladateľstvo 1966
Edition:1. vyd.
Subjects:

MARC

LEADER 00000cam a2200000 a 4500
001 vtls008323732
003 SK-MaSNL
005 20260301020331.0
008 250312s1966 xo crnp 000 0 slo
015 |a SNBA1966/02-00252 
020 |q (viazané) 
035 |a SK01SNK19660015949 
035 |a D39B0289-84FD-451E-99E7-6031917F4462 
035 |a urn:nbn:sk:snk-am00icpw 
035 |a SKM000018412 
040 |a SNK  |b slo  |c SNK  |e AACR2 
041 0 |a slo 
044 |a xo  |c SK 
072 7 |a 811.162.4  |x Slovenčina  |2 konspekt 
072 7 |a 37.016  |x Učebné osnovy. Vyučovacie predmety. Učebnice  |2 konspekt 
072 7 |a 81  |x Lingvistika. Jazyky  |2 konspekt 
080 |a 811.162.4  |2 2011 
080 |a 81'35  |2 2011 
080 |a (076.3)  |2 2011 
080 |a (075.2)  |2 2011 
100 1 |a Patáková, Marta,  |d 1934-2019  |4 aut  |9 37118 
245 1 0 |a Diktáty a pravopisné cvičenia pre 6.-9. ročník ZDŠ  |c Marta Patáková, Anna Rýzková 
250 |a 1. vyd. 
260 |a Bratislava  |b Slovenské pedagogické nakladateľstvo  |c 1966 
300 |a 209 strán  |c 21 cm 
366 |e 10100 kusov 
504 |a Obsahuje bibliografické odkazy 
650 0 7 |a slovenčina  |2 SNKPH  |9 1350 
650 0 7 |a pravopis  |2 SNKPH  |9 868 
655 7 |a diktáty a cvičenia  |2 SNKPH  |9 70566 
655 7 |a učebnice základných škôl  |2 SNKPH  |9 70187 
700 1 |a Rýzková, Anna,  |d 1936-2015  |4 aut  |9 85965 
852 |a Slovenská národná knižnica 
954 |a odborná, vedecká literatúra pôvodná (slovenská)  |2 lita 
958 |a RK 
958 |a TL 
958 |a NB 
958 |a OND 
958 |a UC 
958 |a DB 
999 |c 562747  |d 564677 
952 |a SNK  |b SNK  |y PREZ  |7 0  |p 17A0803514  |o snkSC 21089  |i snkKSP 1885/66  |0 0  |1 0  |4 0  |d 2012-08-27  |f 1  |l 0  |r 2025-08-13 00:00:00  |w 2026-02-23 
952 |t P60, <04>, [BOOK], {604}  |a SNK  |b SNK  |y VYP  |7 0  |p 17A0018979  |o snkSC 21089 D1  |0 0  |1 0  |4 0  |d 1996-11-20  |l 0  |r 2005-01-01 00:00:00  |w 2026-02-23 
952 |t P60, <04>, [BOOK], {604}  |a SNK  |b SNK  |y VYP  |7 0  |p 17A0218870  |o snkSC 21089 D3  |0 0  |1 0  |4 0  |d 1999-11-23  |l 0  |r 2005-01-01 00:00:00  |w 2026-02-23